Die 6 Kontinente nach Anzahl an Milliadären - Statistiken

Allgemein
  • Dieses Quiz wurde 132 mal gespielt
  • Das Durchschnittsergebnis liegt bei 6 aus 6
Antwortstatistiken
Anzahl Kontinent % Korrekt
1062 Asien
100%
620 Europa
99%
817 Nordamerika
98%
50 Ozeanien
97%
72 Südamerika
97%
19 Afrika
96%
Keine übereinstimmenden Quizze gefunden
Verteilung der Resultate
Anzahl Personen mit jedem Resultat
Perzentil nach korrekt beantworteten Fragen
Ihre Resultats-Entwicklung
Sie haben dieses Quiz noch nicht gespielt